000 00682nam a2200241Ia 4500
003 OSt
005 20220918174111.0
006 a|||||r|||| 00| 0
007 ta
008 220917b |||||||| |||| 00| 0 eng d
024 _a10,397
037 _cTextual
040 _aARTS
_cARTS
_beng
041 _2eng
_aeng
082 _aQ7:68.N28, N8
100 _aLia Brynjar
_949095
245 0 _aSociety of the Muslim brothers in Egypt
_b the rise of an Islamic mass movement 1928-1942
260 _aReading
_bIthaca Press UK
_c1998
300 _axi,328p.
_ccm.
650 _aRELIGION
942 _hQ7:68.N28, N8
_cTEXL
_2CC
999 _c151769
_d151769